000
00270nam a2200121Ia 4500
008
190216s9999||||xx |||||||||||||| ||und||
100
_a
Mezhuveli Babuji
245
0
_a
Commander
260
_b
C I C C Book House
_c
1998
300
_a
208p
650
_a
Novel
942
_c
BK
999
_c
27553
_d
27553